Blue Economy: the New Model for Sustainable Development

Konflikt základných definícií ekonómie - rozdielne pohľady na rovnaké veci. Porovnanie modrej a zelenej ekonómie. Význam vodných zdrojov planéty v koncepte blue economy.

Gespeichert in:
Bibliographische Detailangaben
1. Verfasser: Dziura, Boris, 1976-
Weitere Verfasser: Černota, Mikuláš, 1979-
Format: Buchkapitel
Sprache:Englisch
Schlagworte:
Tags: Tag hinzufügen
Keine Tags, Fügen Sie das erste Tag hinzu!

MARC

LEADER 00000naa a2200000 4500
001 0211053
005 20250210094119.8
041 0 |a eng 
044 |a UA 
245 1 0 |a Blue Economy: the New Model for Sustainable Development  |c Boris Dziura, Mikuláš Černota 
520 |a Konflikt základných definícií ekonómie - rozdielne pohľady na rovnaké veci. Porovnanie modrej a zelenej ekonómie. Význam vodných zdrojov planéty v koncepte blue economy. 
610 2 0 |a rozvoj trvalo udržateľný 
610 2 0 |a modely podnikateľské 
610 2 0 |a zdroje vodné 
100 1 |a Dziura, Boris, 1976- 
700 1 |a Černota, Mikuláš, 1979-